Online katalóg knižníc regiónu Turca

Čarodejnica Lilli v škole (Record no. 21561)

MARC details
000 -LEADER
fixed length control field 01574nam a2200433 a 4500
001 - CONTROL NUMBER
control field 21561
003 - CONTROL NUMBER IDENTIFIER
control field VRT
005 - DATE AND TIME OF LATEST TRANSACTION
control field 20260305084817.0
008 - FIXED-LENGTH DATA ELEMENTS--GENERAL INFORMATION
fixed length control field 251031s2007 xo a c 000 j slo
015 ## - NATIONAL BIBLIOGRAPHY NUMBER
National bibliography number SNBA2007/05-01845
020 ## - INTERNATIONAL STANDARD BOOK NUMBER
International Standard Book Number 9788007015517
Qualifying information (viaz.)
035 ## - SYSTEM CONTROL NUMBER
System control number 8FE6091F-FE5B-43A6-9E14-A0ECF3A47823
035 ## - SYSTEM CONTROL NUMBER
System control number urn:nbn:sk:snk-aml2p5
035 ## - SYSTEM CONTROL NUMBER
System control number urn:nbn:sk:snk-am008lqc
039 #9 - LEVEL OF BIBLIOGRAPHIC CONTROL AND CODING DETAIL [OBSOLETE]
Level of rules in bibliographic description 202510310918
Level of effort used to assign nonsubject heading access points VLOAD
Level of effort used to assign subject headings 202403140858
Level of effort used to assign classification VLOAD
Level of effort used to assign subject headings 202211020853
Level of effort used to assign classification msnk170
Level of effort used to assign subject headings 201606101607
Level of effort used to assign classification VLOAD
040 ## - CATALOGING SOURCE
Original cataloging agency SNK
Language of cataloging slo
Transcribing agency SNK
Description conventions AACR2
041 1# - LANGUAGE CODE
Language code of text/sound track or separate title slo
Language code of original ger
044 ## - COUNTRY OF PUBLISHING/PRODUCING ENTITY CODE
MARC country code xo
ISO country code SK
072 #7 - SUBJECT CATEGORY CODE
Subject category code 821-93
Subject category code subdivision Literatúra pre deti a mládež
Source konspekt
080 ## - UNIVERSAL DECIMAL CLASSIFICATION NUMBER
Universal Decimal Classification number 821.112.2-32
Edition identifier 2001
080 ## - UNIVERSAL DECIMAL CLASSIFICATION NUMBER
Universal Decimal Classification number 821-93
Edition identifier 2001
100 0# - MAIN ENTRY--PERSONAL NAME
Personal name Knister,
Dates associated with a name 1952-
Relationship aut
240 10 - UNIFORM TITLE
Uniform title Hexe Lilli stellt die Schule auf den Kopf
Language of a work Slovensky
245 10 - TITLE STATEMENT
Title Čarodejnica Lilli v škole
Statement of responsibility, etc. Knister ; s ilustráciami Birgit Riegerovej ; [preklad: Petra Darovcová]
250 ## - EDITION STATEMENT
Edition statement 1. slov. vyd.
260 ## - PUBLICATION, DISTRIBUTION, ETC.
Place of publication, distribution, etc. Bratislava
Name of publisher, distributor, etc. Príroda
Date of publication, distribution, etc. 2007
300 ## - PHYSICAL DESCRIPTION
Extent 91 s.
Other physical details ilustr.
Dimensions 21 cm
500 ## - GENERAL NOTE
General note Ilustr. na front. a predsádkach
655 #7 - INDEX TERM--GENRE/FORM
Genre/form data or focus term nemecké príbehy
Source of term SNKPH
655 #7 - INDEX TERM--GENRE/FORM
Genre/form data or focus term publikácie pre deti
Source of term SNKPH
700 1# - ADDED ENTRY--PERSONAL NAME
Personal name Rieger, Birgit
Relationship ill
700 1# - ADDED ENTRY--PERSONAL NAME
Personal name Darovcová, Petra
Relationship trl
942 ## - ADDED ENTRY ELEMENTS (KOHA)
Source of classification or shelving scheme Dewey Decimal Classification
Koha item type Krásna literatúra pre deti
Suppress in OPAC No
949 ## - LOCAL PROCESSING INFORMATION (OCLC)
6 2889123071
a savukPV 10914
b savuk2007/3525
949 ## - LOCAL PROCESSING INFORMATION (OCLC)
6 273K0495925
a svkpoA 199547
b svkpo499530
949 ## - LOCAL PROCESSING INFORMATION (OCLC)
6 17A0545703
a snkSC 127515
b snk2007/9912
o 921/07
s 6100:20151111
949 ## - LOCAL PROCESSING INFORMATION (OCLC)
6 17A0545704
a snkSC 127515 D1
b snk2007/9913
o 921/07
949 ## - LOCAL PROCESSING INFORMATION (OCLC)
6 4710709908
a strmkM
b strmk2008/9908
Holdings
Stav vyradenia Strata Poškodenie Spôsob nadobudnutia Domovská knižnica Aktuálna knižnica Dátum nadobudnutia Total checkouts Čiarový kód exemplára Date last seen Typ exemplára
      Dar Obecná knižnica Turčianska Štiavnička Obecná knižnica Turčianska Štiavnička 05.03.2026   4738000241 05.03.2026 Krásna literatúra pre deti
Projekt je podporený Slovenskou asociáciou knižníc
Prevádzkuje Turčianska knižnica Martin 2026